000 00786cam a22002533a 4500
001 340
003 PGUSA
005 20140828082947.0
008 080705s2008||||xxu|||||s|||||000 | eng d
040 _aPGUSA
_beng
042 _adc
050 4 _aE011
100 1 _aEastman, Charles Alexander,
_d1858-1939
245 1 4 _aThe Soul of the Indian :
_bAn Interpretation
_h[electronic resource] /
_cCharles Alexander Eastman
260 _bProject Gutenberg,
_c2008
506 _aPublic domain in the USA.
516 _aElectronic text
653 _aIndian philosophy -- North America
653 _aIndian mythology -- North America
653 _aIndians of North America -- Religion
830 0 _aProject Gutenberg
_v340
856 4 0 _uhttp://www.gutenberg.org/ebooks/340
942 _cEB
999 _c229691
_d229691